书目信息 |
| 题名: |
芭蕾基础训练及教学法
|
|
| 作者: | 郑慧慧 主编 ;黄娟 , 杨晓云 编著 | |
| 分册: | ||
| 出版信息: | 上海 上海音乐出版社 2013.08 |
|
| 页数: | 177页 | |
| 开本: | 24cm | |
| 丛书名: | 舞蹈普及教育丛书 | |
| 单 册: | ||
| 中图分类: | J732.5 | |
| 科图分类: | ||
| 主题词: | 古典芭蕾--教学法--高等学校--教材 , 古典芭蕾 , 教学法 | |
| 电子资源: | ||
| ISBN: | 978-7-5523-0265-3 | |
| 000 | 01169oam2 2200325 450 | |
| 001 | 012013977954 | |
| 005 | 20140610163636.10 | |
| 010 | @a978-7-5523-0265-3@dCNY30.00 | |
| 100 | @a20130927d2013 em y0chiy0110 ea | |
| 101 | 0 | @achi |
| 102 | @aCN@b310000 | |
| 105 | @ay z 000yy | |
| 106 | @ar | |
| 200 | 1 | @a芭蕾基础训练及教学法@9ba lei ji chu xun lian ji jiao xue fa@f郑慧慧主编@g黄娟,杨晓云编著 |
| 210 | @a上海@c上海音乐出版社@d2013.08 | |
| 215 | @a177页@d24cm | |
| 225 | 2 | @a舞蹈普及教育丛书 |
| 300 | @a上海地方本科院校“十二五”内涵建设平台支持项目(085项目) | |
| 330 | @a本书为上海师范大学音乐学院舞蹈专业系列教材。书稿内容共分三部分,分别为:“教学法”、“教学大纲”以及“教学课程”内容包含高等师范类大学芭蕾的基础教学内容,大学四年的教学大纲以及七堂教学课例。 | |
| 333 | @a高校舞蹈专业师生 | |
| 461 | 0 | @12001 @a舞蹈普及教育丛书 |
| 606 | 0 | @a古典芭蕾@x教学法@x高等学校@j教材 |
| 606 | 0 | @a古典芭蕾 |
| 606 | 0 | @a教学法 |
| 690 | @aJ732.5@v5 | |
| 701 | 0 | @a郑慧慧@9zheng hui hui@4主编 |
| 702 | 0 | @a黄娟@9huang juan@4编著 |
| 702 | 0 | @a杨晓云@9yang xiao yun@4编著 |
| 801 | 0 | @aCN@b人天书店@c20130927 |
| 905 | @b845373-75@dJ732.5@e127@f3 | |
| 芭蕾基础训练及教学法/郑慧慧主编/黄娟,杨晓云编著.-上海:上海音乐出版社,2013.08 |
| 177页;24cm.-(舞蹈普及教育丛书) |
| 上海地方本科院校“十二五”内涵建设平台支持项目(085项目).-使用对象:高校舞蹈专业师生 |
| ISBN 978-7-5523-0265-3:CNY30.00 |
| 本书为上海师范大学音乐学院舞蹈专业系列教材。书稿内容共分三部分,分别为:“教学法”、“教学大纲”以及“教学课程”内容包含高等师范类大学芭蕾的基础教学内容,大学四年的教学大纲以及七堂教学课例。 |
| ● |
| 相关链接 |
|
|
|
|
正题名:芭蕾基础训练及教学法
索取号:J732.5/127
 
预约/预借
| 序号 | 登录号 | 条形码 | 馆藏地/架位号 | 状态 | 备注 |
| 1 | 845373 | 208453733 | 第一样本阅览室/ [索取号:J732.5/127] | 在馆 | |
| 2 | 845374 | 208453742 | 第一借阅区/ [索取号:J732.5/127] | 在馆 | |
| 3 | 845375 | 208453751 | 第一借阅区/ [索取号:J732.5/127] | 在馆 |